000 01276 a2200289 4500
003 Nust
005 20170207154047.0
010 _a 2008002748
020 _a0470178469 (cloth : alk. paper)
020 _a9780470178461 (cloth : alk. paper)
035 _a(OCoLC)191024154
035 _a(OCoLC)ocn191024154
040 _cNust
082 0 0 _a332.041
245 0 0 _aPrivate equity :history, governance, and operations -(E-BOOK)
_cHarry Cendrowski ... [et al.].
260 _aHoboken, N.J. :
_bJohn Wiley & Sons,
_cc2008.
300 _axxi, 457 p. :
_bill. ;
_c24 cm.
490 1 _a[Wiley finance]
505 _aMODULE I: The History of Private Equity (Page-1) MODULE II:Governance Structures in Private Equity (Page-115) MODULE III:Understanding Operations (Page-275) MODULE IV:Special Considerations in Private Equity (Page-333)
650 0 _aPrivate equity.
651 _aE-BOOK
700 1 _aCendrowski, Harry.
830 0 _aWiley finance series.
856 4 2 _3Contributor biographical information
_uhttp://www.loc.gov/catdir/enhancements/fy0833/2008002748-b.html
856 4 2 _3Publisher description
_uhttp://www.loc.gov/catdir/enhancements/fy0808/2008002748-d.html
856 4 2 _3Table of contents only
_uhttp://www.loc.gov/catdir/enhancements/fy0808/2008002748-t.html
942 _2ddc
_cBK
999 _c192925
_d192925